000 00303nam a22001337a 4500
008 170609b xxu||||| |||| 00| 0 eng d
020 _a9780813101415
041 _aeng
080 _a327
100 _a19
101 _aSHP
245 _aTHE CRISIS DEMOCRACY THEORY
_cPURCELL.W.A
942 _2udc
_cBK
999 _c16661
_d16661